Statistics for Top 15 Countries with Covid-19 Deaths - 1 May 2021

Click here to take the quiz!

General Stats

  • This quiz has been taken 18 times
  • The average score is 15 of 24

Answer Stats

country% Correct
Brazil
100%
India
100%
Spain
100%
United States
100%
France
93%
Germany
93%
Italy
93%
Mexico
87%
Russia
87%
Argentina
80%
United Kingdom
80%
Peru
60%
Poland
60%
Colombia
47%
Belgium
40%
Iran
40%
Croatia
33%
Slovenia
33%
Bosnia and
Herzegovina
27%
Czechia
27%
Bulgaria
20%
Hungary
20%
North Macedonia
20%
Slovakia
20%

Score Distribution

Percentile by Number Answered

Percent of People with Each Score

Your Score History

You have not taken this quiz